| 000 | 00841cab a2200265 4500 | ||
|---|---|---|---|
| 001 | ABS39957 | ||
| 008 | 090401t1988 xxu||||| |||| 00| 0 eng d | ||
| 035 | _a(Sirsi) u20296 | ||
| 041 | _aeng | ||
| 100 | _aWeatherhead, P. | ||
| 245 | _aRefurbishment: Little Germany | ||
| 260 | _c1988 | ||
| 350 | _a0 | ||
| 490 |
_aBuilding _v253(7574) 18 November 1988, 40-41(2) |
||
| 520 | _aReports on how Bradford City Council in conjunction with developers and local industrialists have successfully refurbished the city`s historic merchant quarter. | ||
| 650 | _aINNER CITIES | ||
| 650 | _aJOINT VENTURES | ||
| 650 | _aPARTNERSHIPS | ||
| 650 | _aBUILT ENVIRONMENT-BUILDING MAINTENANCE AND REFURBISHMENT | ||
| 650 | _aREHABILITATION | ||
| 650 | _aURBAN RENEWAL | ||
| 690 |
_aRefurbishment _96264 |
||
| 942 | _n0 | ||
| 948 | _c04/03/1997 | ||
| 999 |
_c13597 _d13597 |
||